000 00331nam a22001457a 4500
003 SGT
020 _a9393480118-6
082 _a615.19
_bGOP
100 _aGOPI, DR. C.
245 _aPHARMACEUTICAL ORGANIC CHEMISTRY-III
260 _aINDIA
_bBIRLA PUB.
_c2025
300 _a199
650 _aORGANIC CHEMISTRY
942 _2ddc
_cBK
999 _c33065
_d33065